Cours de mecanique / (Record no. 30896)

MARC details
000 -LEADER
campo de control de longitud fija 00639nam a2200205 i 4500
001 - NÚMERO DE CONTROL
campo de control 30896
003 - IDENTIFICADOR DE NÚMERO DE CONTROL
campo de control ES-MaACL
005 - FECHA Y HORA DE LA ÚLTIMA TRANSACCIÓN
campo de control 20250814045705.0
007 - CAMPO FIJO DE DESCRIPCIÓN FÍSICA--INFORMACIÓN GENERAL
campo de control de longitud fija t|
008 - DATOS DE LONGITUD FIJA--INFORMACIÓN GENERAL
campo de control de longitud fija 030127m19071914fr |||| | fre d
100 1# - ENTRADA PRINCIPAL--NOMBRE DE PERSONA
Nombre de persona Bazard, A.
9 (RLIN) 26742
245 10 - MENCIÓN DEL TÍTULO
Título Cours de mecanique /
Mención de responsabilidad, etc. par A. Bazard.
260 ## - PUBLICACIÓN, DISTRIBUCIÓN, ETC.
Lugar de publicación, distribución, etc. París :
Nombre del editor, distribuidor, etc. E. Bernard,
Fecha de publicación, distribución, etc. 1907-1914 (
Fabricante L. Geilser)
300 ## - DESCRIPCIÓN FÍSICA
Extensión 5 v. :
Otras características físicas il. ;
Dimensiones 28 cm.
490 1# - MENCIÓN DE SERIE
Mención de serie Cours professés sux ecoles d'arts et métiere
650 07 - PUNTO DE ACCESO ADICIONAL DE MATERIA--TÉRMINO DE MATERIA
Término de materia o nombre geográfico como elemento de entrada Mecánica
Fuente del encabezamiento o término embne
9 (RLIN) 14869
830 0# - PUNTO DE ACCESO ADICIONAL DE SERIE-TÍTULO UNIFORME
Título uniforme Cours professés sux ecoles d'arts et métiere
9 (RLIN) 229354
852 ## - LOCALIZACIÓN
Ubicación ES-MaACL
Número de control de estantería B-1745-49
Holdings
Estatus retirado Estado de pérdida Estado de daño No para préstamo Biblioteca de origen Biblioteca actual Ubicación en estantería Fecha de adquisición Fuente de adquisición Total de préstamos Signatura topográfica completa Código de barras Visto por última vez Precio de reemplazo Tipo de ítem Koha
        Biblioteca del Ateneo de Madrid Biblioteca del Ateneo de Madrid Sala Pardo Bazán 17/01/2008     B-1745-49 1031918 23/02/2023 23/02/2023 Libro impreso